[Event "EYCC Open U10 2021"]
[Site "Tornelo"]
[Date "2021.10.15"]
[Round "6.1"]
[White "Petukhov, Dmitriy"]
[Black "Negrean, Andrei"]
[Result "0-1"]
[WhiteElo "1769"]
[BlackElo "1847"]
[Annotator "NA RC"]
[PlyCount "96"]
[EventDate "2021.10.15"]
[EventType "swiss"]
[EventCountry "NET"]
[SourceTitle "playchess.com"]
[Source "ChessBase"]
[SourceQuality "1"]
[TimeControl "5400+30"]

1. c4 {[%emt 0:00:30]} Nf6 {[%emt 0:00:53]} 2. g3 {[%emt 0:00:07]} c5 {[%emt 0:05:02]} 3. Bg2 {[%emt 0:00:06]} e6 {[%emt 0:00:24]} 4. Nf3 {[%emt 0:00:07]} b6 {[%emt 0:13:11]} 5. O-O {[%emt 0:00:16]} Bb7 {[%emt 0:00:18]} 6. b3 {[%emt 0:00:19]} Be7 {[%emt 0:08:27]} 7. Bb2 {[%emt 0:00:09]} O-O {[%emt 0:00:22]} 8. d3 {[%emt 0:01:06]} d5 {[%emt 0:02:18]} 9. cxd5 {[%emt 0:00:48]} Nxd5 {[%emt 0:02:28]} 10. Nc3 {[%emt 0:00:14]} Nd7 {[%emt 0:07:23]} 11. Nxd5 {[%emt 0:00:08]} Bxd5 {[%emt 0:00:36]} 12. Qd2 {[%emt 0:00:12]} Bf6 {[%emt 0:06:39]} 13. Rac1 {[%emt 0:01:15]} Rc8 {[%emt 0:03:25]} 14. Rfd1 {[%emt 0:00:10]} e5 {[%emt 0:02:42]} 15. e3 {[%emt 0:03:03]} Re8 {[%emt 0:06:11]} 16. d4 {[%emt 0:00:58]} cxd4 {[%emt 0:01:26]} 17. Rxc8 {[%emt 0:00:32]} Qxc8 {[%emt 0:00:16]} 18. exd4 {[%emt 0:00:09]} e4 {[%emt 0:07:41]} 19. Ne1 {[%emt 0:01:24]} Qa6 {[%emt 0:05:32]} 20. Bh3 {[%emt 0:05:59]} Nf8 {[%emt 0:01:07]} 21. Bf1 {[%emt 0:11:07]} Qb7 {[%emt 0:05:27]} 22. Ng2 {[%emt 0:01:03]} Ne6 {[%emt 0:00:54]} 23. h4 {[%emt 0:02:35]} Rd8 {[%emt 0:06:01]} 24. Ne3 {[%emt 0:00:30]} b5 {[%emt 0:02:07]} 25. Qb4 {[%emt 0:00:25]} a6 {[%emt 0:00:59]} 26. Bg2 {[%emt 0:00:37]} g6 {[%emt 0:06:41]} 27. Re1 {[%emt 0:00:55]} Be7 {[%emt 0:00:26]} 28. Qd2 {[%emt 0:00:14]} f5 {[%emt 0:00:39]} 29. Bc3 {[%emt 0:03:30]} Bf6 {[%emt 0:00:23]} 30. Kh2 {[%emt 0:06:16]} Bc6 {[%emt 0:00:34]} 31. Rd1 {[%emt 0:00:51]} Nxd4 {[%emt 0:00:27]} 32. Qb2 {[%emt 0:00:43]} Qb6 {[%emt 0:02:57]} 33. Qa3 {[%emt 0:04:44]} Nf3+ {[%emt 0:02:02]} 34. Bxf3 {[%emt 0:00:06]} Bxc3 {[%emt 0:00:33]} 35. Qe7 {[%emt 0:00:16]} Re8 {[%emt 0:00:35]} 36. Qg5 {[%emt 0:02:50]} exf3 {[%emt 0:00:11]} 37. Kg1 {[%emt 0:00:29]} Bd4 {[%emt 0:00:28]} 38. Nxf5 {[%emt 0:00:20]} Bxf2+ {[%emt 0:00:11]} 39. Kh1 {[%emt 0:00:41]} Bd4 {[%emt 0:01:23]} 40. h5 {[%emt 0:08:33]} Re1+ {[%emt 0:00:33]} 41. Kh2 {[%emt 0:01:24]} Rxd1 {[%emt 0:00:17]} 42. Nh6+ {[%emt 0:03:10]} Kf8 {[%emt 0:00:33]} 43. Qf4+ {[%emt 0:00:34]} Ke7 {[%emt 0:00:24]} 44. Ng8+ {[%emt 0:03:39]} Ke6 {[%emt 0:00:43]} 45. Qg4+ {[%emt 0:01:03]} Kd6 {[%emt 0:00:34]} 46. Qg5 {[%emt 0:02:00]} Rh1+ {[%emt 0:00:29]} 47. Kxh1 {[%emt 0:00:06]} f2+ {[%emt 0:00:12]} 48. Kh2 {[%emt 0:00:04]} f1=Q {[%emt 0:00:16]} 0-1

[Event "EYCC Open U10 2021"]
[Site "Tornelo"]
[Date "2021.10.15"]
[Round "6.2"]
[White "Temirbekov, Taimaz"]
[Black "Kengurov, Yaroslav"]
[Result "1-0"]
[WhiteElo "1573"]
[BlackElo "1484"]
[Annotator "NA RC"]
[PlyCount "45"]
[EventDate "2021.10.15"]
[EventType "swiss"]
[EventCountry "NET"]
[SourceTitle "playchess.com"]
[Source "ChessBase"]
[SourceQuality "1"]
[TimeControl "5400+30"]

1. Nf3 {[%emt 0:00:30]} Nf6 {[%emt 0:00:38]} 2. g3 {[%emt 0:00:04]} g6 {[%emt 0:00:05]} 3. b3 {[%emt 0:00:04]} Bg7 {[%emt 0:00:07]} 4. Bb2 {[%emt 0:00:05]} O-O {[%emt 0:00:05]} 5. Bg2 {[%emt 0:00:10]} d5 {[%emt 0:00:09]} 6. c4 {[%emt 0:00:07]} c6 {[%emt 0:00:15]} 7. O-O {[%emt 0:00:14]} Na6 {[%emt 0:00:56]} 8. d3 {[%emt 0:00:39]} Re8 {[%emt 0:01:11]} 9. Nbd2 {[%emt 0:00:46]} Nc7 {[%emt 0:01:39]} 10. Rc1 {[%emt 0:05:30]} a5 {[%emt 0:02:57]} 11. cxd5 {[%emt 0:00:48]} Ncxd5 {[%emt 0:01:03]} 12. Nc4 {[%emt 0:00:24]} Bh6 {[%emt 0:01:07]} 13. Rb1 {[%emt 0:01:36]} b5 {[%emt 0:04:21]} 14. Nce5 {[%emt 0:01:28]} Qd6 {[%emt 0:00:15]} 15. e4 {[%emt 0:03:49]} Nb6 {[%emt 0:01:52]} 16. Bc1 {[%emt 0:00:37]} Bxc1 {[%emt 0:00:31]} 17. Qxc1 {[%emt 0:01:51]} Bb7 {[%emt 0:00:48]} 18. Nxf7 {[%emt 0:02:14]} Kxf7 {[%emt 0:00:16]} 19. e5 {[%emt 0:00:11]} Qd8 {[%emt 0:07:24]} 20. Qh6 {[%emt 0:00:16]} Rh8 {[%emt 0:13:32]} 21. Ng5+ {[%emt 0:00:27]} Ke8 {[%emt 0:00:05]} 22. exf6 {[%emt 0:00:09]} exf6 {[%emt 0:00:13]} 23. Qg7 {[%emt 0:00:05]} 1-0

[Event "EYCC Open U10 2021"]
[Site "Tornelo"]
[Date "2021.10.15"]
[Round "6.3"]
[White "Gabadadze, Gabriel"]
[Black "Besou, Hussain"]
[Result "1/2-1/2"]
[WhiteElo "1407"]
[BlackElo "1995"]
[Annotator "TA"]
[PlyCount "164"]
[EventDate "2021.10.15"]
[EventType "swiss"]
[EventCountry "NET"]
[SourceTitle "playchess.com"]
[Source "ChessBase"]
[SourceQuality "1"]

{[%evp 14,164,33,41,45,47,50,43,31,42,40,47,47,44,39,42,39,46,66,39,39,1,18,8,45,37,43,29,19,31,87,58,60,60,62,59,62,52,58,26,62,58,101,62,60,59,59,60,62,70,70,59,46,29,29,28,29,27,35,22,33,31,42,31,26,24,31,23,36,36,31,31,26,8,24,0,20,0,9,0,29,0,8,7,19,7,9,8,8,8,33,9,35,5,5,0,22,23,22,0,8,-8,0,0,0,0,0,0,745,745,737,737,693,629,737,737,729,726,697,639,667,500,482,0,521,497,452,408,1053,1065,1267,1267,1177,1129,1129,1108,1088,1088,1080,1037,1030,756,629,8,8,8,8,8,8,8,8,8,8]} 1. e4 e5 2. Nf3 Nc6 3. Bb5 a6 4. Ba4 Nf6 5. O-O b5 6. Bb3 Be7 7. d4 d6 8. dxe5 Nxe5 {C84: Closed Ruy Lopez: Unusual White 6th moves.} 9. Nxe5 dxe5 10. Qxd8+ Bxd8 {White is slightly better.} 11. Be3 {has lost popularity (11.a4).} Bb7 12. f3 O-O {[#]} 13. Bc5 $146 ({Predecessor:} 13. a4 Be7 14. Nc3 b4 15. Nb1 Nd7 16. Nd2 Bc5 17. Kf2 Bxe3+ 18. Kxe3 Nc5 19. Bc4 {½-½ (44) Perez Garcia,A (2123)-Advait,B (1772) Barcelona 2017}) 13... Re8 14. Rd1 c6 15. Nc3 a5 16. a3 (16. a4 $5 {[%cal Ra4b5]}) 16... Bc8 17. Kf2 Nd7 (17... a4 $5 18. Ba2 $8 Nd7 $11) 18. Be3 Be7 (18... a4 $5 {[%cal Ra4b3]} 19. Ba2 Be7 $11) 19. a4 b4 20. Ne2 Nc5 21. Bc4 Nb7 ({Black should try} 21... Be6 $14 22. Bxe6 Nxe6) 22. Rd2 Nd6 23. Bb3 Ba6 24. Rad1 Nc4 25. Bxc4 Bxc4 26. Rd7 Bf8 27. Rc7 Ra6 28. b3 Be6 29. Nc1 f5 {[#] White must now prevent ...f4.} 30. Nd3 fxe4 $1 31. fxe4 Bg4 32. Rd2 {aiming for Bc5.} Bd6 33. Rb7 Bc8 34. Rb6 Bc7 35. Rxa6 Bxa6 36. Nc5 Bc8 37. h3 h6 38. Nd3 Rf8+ 39. Kg3 Kh7 40. Rf2 Rxf2 41. Kxf2 $11 {[%mdl 4096] Endgame KBB-KBN} Kg6 42. Kf3 Kf6 43. Nc5 Bd8 44. Nd3 Bc7 45. Nc5 Ke7 46. Nd3 Be6 47. Nc5 Bc8 48. Ke2 Kd6 49. Kd3 Bd8 50. c3 bxc3 51. Kxc3 h5 (51... Bb6 $5 {[%cal Rb6c5]} 52. b4 Bd8 $14) 52. b4 g5 53. bxa5 Bxa5+ 54. Kc2 g4 (54... Bb6 $5 55. Nb7+ $8 {[%mdl 64] Discovered Attack} Bxb7 56. Bxb6 c5 $11) 55. hxg4 hxg4 56. Nb3 Be1 57. a5 g3 58. Bc5+ Kd7 59. Kd1 Bc3 60. Kc2 (60. Ba3 {is interesting.} Kc7 61. Ke2 Ba6+ 62. Kf3 Bc4 63. Nc5) 60... Bxa5 {[%mdl 8192]} 61. Nxa5 $18 Ba6 62. Kd2 Bf1 63. Ke3 Bxg2 64. Nc4 Ke6 65. Nd2 Kf6 66. Nf3 Ke6 67. Bb4 Bf1 68. Bc5 Bg2 $1 69. Ke2 Kf6 70. Bb4 Ke6 (70... Bh1 $142 71. Ke3 Ke6) 71. Be1 c5 72. Bxg3 c4 73. Ke3 c3 74. Nxe5 c2 75. Nd3 Bf1 76. Bf4 Bg2 77. e5 Kf5 78. Kd2 $2 (78. Bh2 $18 {Hoping for Kd2.} Bf1 79. Nc1) 78... Bf1 $11 {The position is equal.} 79. Kxc2 {Bg3 is the strong threat.} Ke4 80. Kc3 Bxd3 {[#]} 81. e6 $1 Kd5 82. e7 Bg6 {Weighted Error Value: White=0.09/Black=0.10} 1/2-1/2

[Event "EYCC Open U10 2021"]
[Site "Tornelo"]
[Date "2021.10.15"]
[Round "6.4"]
[White "Kozlov, Kirill Dm."]
[Black "Diachek, Andriy"]
[Result "1/2-1/2"]
[WhiteElo "1228"]
[BlackElo "1689"]
[Annotator "NA RC"]
[PlyCount "110"]
[EventDate "2021.10.15"]
[EventType "swiss"]
[EventCountry "NET"]
[SourceTitle "playchess.com"]
[Source "ChessBase"]
[SourceQuality "1"]
[TimeControl "5400+30"]

1. e4 {[%emt 0:00:30]} e5 {[%emt 0:00:44]} 2. Nf3 {[%emt 0:00:04]} Nc6 {[%emt 0:00:07]} 3. Bb5 {[%emt 0:00:05]} a6 {[%emt 0:00:05]} 4. Ba4 {[%emt 0:00:03]} Nf6 {[%emt 0:00:03]} 5. O-O {[%emt 0:00:25]} Be7 {[%emt 0:00:38]} 6. d3 {[%emt 0:00:45]} b5 {[%emt 0:00:25]} 7. Bb3 {[%emt 0:00:06]} O-O {[%emt 0:00:20]} 8. c3 {[%emt 0:01:03]} d6 {[%emt 0:00:22]} 9. Re1 {[%emt 0:00:41]} Na5 {[%emt 0:00:37]} 10. Bc2 {[%emt 0:00:09]} c5 {[%emt 0:00:13]} 11. a4 {[%emt 0:03:11]} Bb7 {[%emt 0:03:19]} 12. Nbd2 {[%emt 0:01:02]} Re8 {[%emt 0:03:15]} 13. Nf1 {[%emt 0:01:56]} Bf8 {[%emt 0:01:32]} 14. Ng3 {[%emt 0:01:50]} g6 {[%emt 0:00:49]} 15. h3 {[%emt 0:01:29]} Bg7 {[%emt 0:00:49]} 16. Bg5 {[%emt 0:06:30]} Nc6 {[%emt 0:08:48]} 17. d4 {[%emt 0:06:54]} cxd4 {[%emt 0:07:36]} 18. cxd4 {[%emt 0:00:28]} Nxd4 {[%emt 0:02:05]} 19. Nxd4 {[%emt 0:00:14]} exd4 {[%emt 0:00:06]} 20. Qxd4 {[%emt 0:00:09]} h6 {[%emt 0:04:02]} 21. Bxf6 {[%emt 0:01:57]} Bxf6 {[%emt 0:08:36]} 22. Qb4 {[%emt 0:11:45]} Qb6 {[%emt 0:11:49]} 23. Qb3 {[%emt 0:13:57]} Bd4 {[%emt 0:15:44]} 24. Rf1 {[%emt 0:00:51]} Rad8 {[%emt 0:04:49]} 25. Ne2 {[%emt 0:12:02]} Bg7 {[%emt 0:04:52]} 26. Ng3 {[%emt 0:04:37]} d5 {[%emt 0:02:11]} 27. axb5 {[%emt 0:06:06]} axb5 {[%emt 0:00:22]} 28. Bd3 {[%emt 0:00:23]} dxe4 {[%emt 0:06:46]} 29. Qxb5 {[%emt 0:00:11]} Qc7 {[%emt 0:02:20]} 30. Bc4 {[%emt 0:01:34]} Bc6 {[%emt 0:08:27]} 31. Qb3 {[%emt 0:09:19]} Rb8 {[%emt 0:01:18]} 32. Qe3 {[%emt 0:00:10]} Rxb2 {[%emt 0:01:01]} 33. Ra7 {[%emt 0:00:12]} Rb7 {[%emt 0:00:18]} 34. Rxb7 {[%emt 0:03:56]} Bxb7 {[%emt 0:00:16]} 35. Rc1 {[%emt 0:00:36]} Qe7 {[%emt 0:00:30]} 36. Bb5 {[%emt 0:01:23]} Rd8 {[%emt 0:00:16]} 37. Qb6 {[%emt 0:00:50]} Bd4 {[%emt 0:02:34]} 38. Rc7 {[%emt 0:04:22]} Bxb6 {[%emt 0:00:35]} 39. Rxe7 {[%emt 0:00:07]} Bd5 {[%emt 0:00:36]} 40. Nxe4 {[%emt 0:00:18]} Bxe4 {[%emt 0:00:06]} 41. Rxe4 {[%emt 0:00:05]} Rd1+ {[%emt 0:00:06]} 42. Bf1 {[%emt 0:00:03]} Kg7 {[%emt 0:00:11]} 43. g3 {[%emt 0:00:31]} h5 {[%emt 0:00:20]} 44. Kg2 {[%emt 0:00:20]} Rd2 {[%emt 0:00:13]} 45. Re2 {[%emt 0:00:10]} Rxe2 {[%emt 0:00:03]} 46. Bxe2 {[%emt 0:00:03]} Kh6 {[%emt 0:00:04]} 47. Bc4 {[%emt 0:00:13]} f5 {[%emt 0:00:11]} 48. Bf7 {[%emt 0:00:36]} Kg7 {[%emt 0:00:09]} 49. Bd5 {[%emt 0:00:07]} Kf6 {[%emt 0:00:03]} 50. f4 {[%emt 0:00:06]} g5 {[%emt 0:00:08]} 51. fxg5+ {[%emt 0:00:26]} Kxg5 {[%emt 0:00:04]} 52. Be6 {[%emt 0:00:05]} Bc7 {[%emt 0:00:24]} 53. Bxf5 {[%emt 0:00:05]} Kxf5 {[%emt 0:00:04]} 54. g4+ {[%emt 0:00:03]} hxg4 {[%emt 0:00:02]} 55. hxg4+ {[%emt 0:00:04]} Kxg4 {[%emt 0:00:03]} 1/2-1/2

[Event "EYCC Open U10 2021"]
[Site "Tornelo"]
[Date "2021.10.15"]
[Round "6.5"]
[White "Oikonomopoulos, Filippos"]
[Black "Karimli, Yusif"]
[Result "1-0"]
[WhiteElo "1650"]
[BlackElo "1571"]
[Annotator "NA RC"]
[PlyCount "75"]
[EventDate "2021.10.15"]
[EventType "swiss"]
[EventCountry "NET"]
[SourceTitle "playchess.com"]
[Source "ChessBase"]
[SourceQuality "1"]
[TimeControl "5400+30"]

1. d4 {[%emt 0:00:30]} d5 {[%emt 0:00:34]} 2. c4 {[%emt 0:01:46]} e6 {[%emt 0:00:04]} 3. Nc3 {[%emt 0:00:05]} Nf6 {[%emt 0:00:12]} 4. cxd5 {[%emt 0:00:04]} exd5 {[%emt 0:00:03]} 5. Bg5 {[%emt 0:00:06]} Be7 {[%emt 0:00:13]} 6. e3 {[%emt 0:00:17]} O-O {[%emt 0:00:07]} 7. Bd3 {[%emt 0:00:09]} c6 {[%emt 0:00:06]} 8. Nge2 {[%emt 0:00:12]} Be6 {[%emt 0:00:16]} 9. Nf4 {[%emt 0:00:23]} Nbd7 {[%emt 0:00:23]} 10. O-O {[%emt 0:00:25]} Rc8 {[%emt 0:00:25]} 11. Rc1 {[%emt 0:00:46]} c5 {[%emt 0:00:18]} 12. Bb1 {[%emt 0:01:25]} Re8 {[%emt 0:01:07]} 13. Qd3 {[%emt 0:02:04]} Nf8 {[%emt 0:00:26]} 14. dxc5 {[%emt 0:03:13]} Rxc5 {[%emt 0:02:15]} 15. Rfd1 {[%emt 0:01:21]} Qd6 {[%emt 0:07:32]} 16. Bxf6 {[%emt 0:04:46]} Bxf6 {[%emt 0:00:09]} 17. Ne4 {[%emt 0:00:40]} Qb6 {[%emt 0:04:20]} 18. Nxc5 {[%emt 0:00:16]} Rd8 {[%emt 0:00:06]} 19. Qb3 {[%emt 0:02:02]} Qxb3 {[%emt 0:00:38]} 20. Nxb3 {[%emt 0:00:30]} Bxb2 {[%emt 0:00:21]} 21. Rc7 {[%emt 0:00:48]} Rb8 {[%emt 0:04:24]} 22. Nxd5 {[%emt 0:00:30]} Be5 {[%emt 0:00:08]} 23. Rc5 {[%emt 0:02:06]} Kh8 {[%emt 0:01:37]} 24. Nc7 {[%emt 0:01:12]} Bf6 {[%emt 0:00:17]} 25. Nxe6 {[%emt 0:00:41]} Nxe6 {[%emt 0:00:04]} 26. Rc4 {[%emt 0:00:07]} g6 {[%emt 0:00:07]} 27. Nc5 {[%emt 0:00:22]} Rc8 {[%emt 0:00:11]} 28. Rdc1 {[%emt 0:00:06]} Re8 {[%emt 0:00:21]} 29. Nxe6 {[%emt 0:00:22]} Rxe6 {[%emt 0:00:03]} 30. Rc7 {[%emt 0:00:07]} Kg7 {[%emt 0:00:03]} 31. a4 {[%emt 0:01:11]} Rb6 {[%emt 0:00:07]} 32. Ba2 {[%emt 0:00:09]} Be5 {[%emt 0:00:20]} 33. Rxf7+ {[%emt 0:00:08]} Kh6 {[%emt 0:00:04]} 34. f4 {[%emt 0:00:29]} Bd6 {[%emt 0:00:10]} 35. g4 {[%emt 0:01:14]} Rb2 {[%emt 0:00:32]} 36. h3 {[%emt 0:00:58]} g5 {[%emt 0:03:44]} 37. Rf6+ {[%emt 0:00:13]} Kg7 {[%emt 0:00:02]} 38. Rxd6 {[%emt 0:00:04]} 1-0

[Event "EYCC Open U10 2021"]
[Site "Tornelo"]
[Date "2021.10.15"]
[Round "6.6"]
[White "Demchenko, Maksim Dm"]
[Black "Surikov, Alexey"]
[Result "1/2-1/2"]
[WhiteElo "1615"]
[BlackElo "1548"]
[Annotator "NA RC"]
[PlyCount "76"]
[EventDate "2021.10.15"]
[EventType "swiss"]
[EventCountry "NET"]
[SourceTitle "playchess.com"]
[Source "ChessBase"]
[SourceQuality "1"]
[TimeControl "5400+30"]

1. e4 {[%emt 0:00:30]} c5 {[%emt 0:00:47]} 2. Nf3 {[%emt 0:00:05]} g6 {[%emt 0:01:40]} 3. d4 {[%emt 0:00:05]} cxd4 {[%emt 0:00:28]} 4. Nxd4 {[%emt 0:00:03]} Nc6 {[%emt 0:00:08]} 5. c4 {[%emt 0:00:05]} Nf6 {[%emt 0:00:36]} 6. Nc3 {[%emt 0:00:05]} Nxd4 {[%emt 0:00:07]} 7. Qxd4 {[%emt 0:00:03]} d6 {[%emt 0:00:03]} 8. Be3 {[%emt 0:00:36]} Bg7 {[%emt 0:00:41]} 9. f3 {[%emt 0:13:01]} O-O {[%emt 0:00:26]} 10. Qd2 {[%emt 0:00:04]} a5 {[%emt 0:12:41]} 11. Be2 {[%emt 0:00:38]} a4 {[%emt 0:00:52]} 12. O-O {[%emt 0:00:12]} Qa5 {[%emt 0:01:10]} 13. Rac1 {[%emt 0:14:37]} Be6 {[%emt 0:11:49]} 14. Rfd1 {[%emt 0:00:39]} Rfc8 {[%emt 0:17:16]} 15. Nb5 {[%emt 0:04:46]} Qxd2 {[%emt 0:02:46]} 16. Rxd2 {[%emt 0:01:30]} d5 {[%emt 0:00:44]} 17. e5 {[%emt 0:06:57]} Ne8 {[%emt 0:13:24]} 18. f4 {[%emt 0:00:32]} dxc4 {[%emt 0:01:00]} 19. Na7 {[%emt 0:13:57]} Rd8 {[%emt 0:04:14]} 20. Rxd8 {[%emt 0:00:31]} Rxd8 {[%emt 0:00:05]} 21. Bxc4 {[%emt 0:00:18]} Bf5 {[%emt 0:01:48]} 22. Nb5 {[%emt 0:08:24]} Kf8 {[%emt 0:02:47]} 23. Nd4 {[%emt 0:10:09]} Be4 {[%emt 0:00:27]} 24. g3 {[%emt 0:04:41]} Bd5 {[%emt 0:04:32]} 25. Bxd5 {[%emt 0:00:43]} Rxd5 {[%emt 0:00:12]} 26. Rc8 {[%emt 0:06:24]} Bh6 {[%emt 0:04:15]} 27. Rb8 {[%emt 0:02:02]} Rxe5 {[%emt 0:00:35]} 28. Kf2 {[%emt 0:02:05]} Rh5 {[%emt 0:01:12]} 29. h4 {[%emt 0:01:21]} e5 {[%emt 0:00:32]} 30. fxe5 {[%emt 0:05:03]} Bxe3+ {[%emt 0:00:19]} 31. Kxe3 {[%emt 0:00:01]} Rxe5+ {[%emt 0:00:07]} 32. Kd3 {[%emt 0:00:04]} Re7 {[%emt 0:00:13]} 33. Ra8 {[%emt 0:00:10]} Kg7 {[%emt 0:04:42]} 34. Rxa4 {[%emt 0:00:04]} Nf6 {[%emt 0:00:12]} 35. Rc4 {[%emt 0:03:03]} Ne4 {[%emt 0:00:24]} 36. Ne6+ {[%emt 0:00:22]} Rxe6 {[%emt 0:00:15]} 37. Rxe4 {[%emt 0:00:03]} Rd6+ {[%emt 0:00:06]} 38. Rd4 {[%emt 0:00:10]} Rf6 {[%emt 0:00:09]} 1/2-1/2

[Event "EYCC Open U10 2021"]
[Site "Tornelo"]
[Date "2021.10.15"]
[Round "6.7"]
[White "Gloeckler, Christian"]
[Black "Ivanov, Andrey A."]
[Result "0-1"]
[WhiteElo "1509"]
[BlackElo "2180"]
[Annotator "TA"]
[PlyCount "112"]
[EventDate "2021.10.15"]
[EventType "swiss"]
[EventCountry "NET"]
[SourceTitle "playchess.com"]
[Source "ChessBase"]
[SourceQuality "1"]

{[%evp 17,111,33,48,25,39,34,39,41,45,28,21,-86,-84,-120,-29,-33,-8,-79,-75,-111,-113,-118,-116,-137,-108,-108,-88,-291,-283,-273,-272,-462,-466,-462,-457,-452,-466,-459,-429,-460,-456,-419,-454,-447,-410,-395,-396,-383,-380,-491,-487,-487,-485,-485,-474,-625,-575,-645,-639,-620,-605,-721,-712,-997,-969,-2883,-2573,-1808,-1362,-1047,-977,-29981,-29982,-29979,-29980,-29986,-29987,-29992,-29993,-29993,-29994,-29995,-29996,-29996,-29997,-29997,-29996,-29996,-29997,-29997,-29997,-29998,-29997,-29998,-29999,-29999]} 1. e4 c5 2. Nf3 g6 3. c4 Bg7 4. d4 cxd4 5. Nxd4 d6 6. Nc3 Nc6 7. Be3 Nf6 8. f3 O-O 9. Qd2 Bd7 10. g4 {B38: Sicilian: Maroczy Bind with 5...Bg7 and 7...0-0.} Rc8 {[#]} 11. Nxc6 $146 ({Predecessor:} 11. h4 h5 12. Nxc6 bxc6 13. g5 Ne8 14. c5 Qa5 15. cxd6 Nxd6 16. Bd4 Rfd8 17. Bxg7 Kxg7 {0-1 (28) Volynsky,M (1933)-Potrekeev,P (2159) Golubitskaya 2012}) 11... Bxc6 12. h4 {White is slightly better.} h5 13. gxh5 Nxh5 14. Bh3 (14. Rg1 $11 {remains equal.}) 14... Bd7 $1 $17 15. Bg4 Nf6 ({But not} 15... Rxc4 $6 16. Bxh5 Bxc3 17. bxc3 $11) (15... Bxg4 $17 16. fxg4 Ng3) 16. Bxd7 $11 Qxd7 17. h5 (17. b3 $11) 17... Nxh5 $17 18. Bh6 {[#] Black must now prevent Rxh5!} Qe6 $1 ({And not} 18... Rxc4 {[#]} 19. Rxh5 $1 {[%mdl 512]} Bxc3 20. bxc3 $16) 19. Bxg7 Kxg7 20. b3 Qf6 21. Kf2 Qf4 22. Qd4+ {This costs White the game.} (22. Qxf4 $17 Nxf4 23. Rh4 Nd3+ 24. Ke2) 22... e5 $19 23. Qe3 Qg3+ 24. Ke2 $2 (24. Kf1 Nf4 25. Qf2) 24... Qg2+ 25. Qf2 Ng3+ {[%mdl 64] Double Attack} 26. Ke3 Qxf2+ 27. Kxf2 Nxh1+ 28. Rxh1 {[%mdl 4096] Endgame KRR-KRN} Rh8 29. Rd1 Rh2+ 30. Ke3 Rc2 31. Kd3 Rb2 32. Ke3 Rc6 33. Rd2 Rxd2 34. Kxd2 {KR-KN} f5 35. Kd3 Kf6 36. a4 a6 37. Ke3 Kg5 38. Nd5 Rc8 39. exf5 gxf5 40. f4+ exf4+ 41. Nxf4 Kg4 42. Nd5 f4+ 43. Kf2 Rh8 44. Kg2 f3+ {Black mates.} 45. Kf2 Rh2+ 46. Ke1 Kg3 47. Nc3 f2+ 48. Ke2 Kg2 49. Nd1 f1=Q+ 50. Kd2 Kf3+ 51. Kc1 Rh1 52. Kc2 Qxd1+ 53. Kc3 a5 54. c5 dxc5 55. Kc4 Qd4+ 56. Kb5 Qb4# {Weighted Error Value: White=0.65/Black=0.22} 0-1

[Event "EYCC Open U10 2021"]
[Site "Tornelo"]
[Date "2021.10.15"]
[Round "6.8"]
[White "Ochedzan, Filip"]
[Black "Kviriashvili, Andria"]
[Result "1-0"]
[WhiteElo "1696"]
[BlackElo "1406"]
[Annotator "NA RC"]
[PlyCount "131"]
[EventDate "2021.10.15"]
[EventType "swiss"]
[EventCountry "NET"]
[SourceTitle "playchess.com"]
[Source "ChessBase"]
[SourceQuality "1"]
[TimeControl "5400+30"]

1. e4 {[%emt 0:00:30]} e6 {[%emt 0:00:35]} 2. d4 {[%emt 0:00:06]} d5 {[%emt 0:00:05]} 3. Nc3 {[%emt 0:00:11]} Nf6 {[%emt 0:00:06]} 4. e5 {[%emt 0:00:05]} Nfd7 {[%emt 0:00:03]} 5. f4 {[%emt 0:00:06]} c5 {[%emt 0:00:06]} 6. Nf3 {[%emt 0:00:06]} Nc6 {[%emt 0:00:06]} 7. Be3 {[%emt 0:00:05]} a6 {[%emt 0:00:07]} 8. a3 {[%emt 0:00:45]} b5 {[%emt 0:00:36]} 9. dxc5 {[%emt 0:00:45]} Bxc5 {[%emt 0:00:08]} 10. Bxc5 {[%emt 0:00:06]} Nxc5 {[%emt 0:00:02]} 11. b4 {[%emt 0:00:06]} Nd7 {[%emt 0:00:06]} 12. Bd3 {[%emt 0:00:17]} Qb6 {[%emt 0:00:33]} 13. Qd2 {[%emt 0:02:13]} Bb7 {[%emt 0:05:15]} 14. Qf2 {[%emt 0:03:17]} Rc8 {[%emt 0:02:44]} 15. Qxb6 {[%emt 0:04:22]} Nxb6 {[%emt 0:00:07]} 16. Ne2 {[%emt 0:00:21]} Nc4 {[%emt 0:01:03]} 17. Ned4 {[%emt 0:04:37]} Nxd4 {[%emt 0:01:09]} 18. Nxd4 {[%emt 0:00:06]} Ke7 {[%emt 0:00:17]} 19. O-O {[%emt 0:07:23]} g6 {[%emt 0:02:45]} 20. Rfb1 {[%emt 0:08:25]} Nb6 {[%emt 0:01:09]} 21. h3 {[%emt 0:04:35]} h5 {[%emt 0:00:45]} 22. Kf2 {[%emt 0:03:27]} Na4 {[%emt 0:01:50]} 23. Ke3 {[%emt 0:01:55]} Rc7 {[%emt 0:06:28]} 24. g3 {[%emt 0:03:52]} Rg8 {[%emt 0:03:38]} 25. Rb3 {[%emt 0:06:12]} f6 {[%emt 0:00:56]} 26. exf6+ {[%emt 0:04:05]} Kxf6 {[%emt 0:00:09]} 27. Nf3 {[%emt 0:01:33]} Nb6 {[%emt 0:01:43]} 28. Re1 {[%emt 0:01:51]} Rgc8 {[%emt 0:07:32]} 29. Kf2 {[%emt 0:05:25]} Nd7 {[%emt 0:04:57]} 30. Rbb1 {[%emt 0:05:41]} Rc3 {[%emt 0:03:50]} 31. Ra1 {[%emt 0:00:22]} Nf8 {[%emt 0:02:05]} 32. Re3 {[%emt 0:01:51]} Bc6 {[%emt 0:01:42]} 33. Nd4 {[%emt 0:02:51]} Be8 {[%emt 0:04:58]} 34. g4 {[%emt 0:02:38]} R8c7 {[%emt 0:04:06]} 35. g5+ {[%emt 0:03:54]} Kf7 {[%emt 0:00:29]} 36. h4 {[%emt 0:01:08]} Rc8 {[%emt 0:01:39]} 37. Nb3 {[%emt 0:02:30]} R3c6 {[%emt 0:05:28]} 38. Rae1 {[%emt 0:00:40]} Rd6 {[%emt 0:01:12]} 39. Nd4 {[%emt 0:00:55]} Rb6 {[%emt 0:02:51]} 40. f5 {[%emt 0:05:54]} gxf5 {[%emt 0:01:14]} 41. Bxf5 {[%emt 0:00:31]} Bd7 {[%emt 0:00:56]} 42. Bd3 {[%emt 0:00:20]} Re8 {[%emt 0:02:24]} 43. Nf3 {[%emt 0:01:35]} Kg7 {[%emt 0:00:48]} 44. Ne5 {[%emt 0:00:33]} Re7 {[%emt 0:01:07]} 45. Rf3 {[%emt 0:01:36]} Be8 {[%emt 0:00:23]} 46. Rf6 {[%emt 0:04:11]} Nd7 {[%emt 0:02:51]} 47. Nxd7 {[%emt 0:00:07]} Bxd7 {[%emt 0:00:11]} 48. Rh6 {[%emt 0:01:18]} Be8 {[%emt 0:02:00]} 49. Ke3 {[%emt 0:01:37]} Kg8 {[%emt 0:02:39]} 50. Rf1 {[%emt 0:02:05]} Rf7 {[%emt 0:01:07]} 51. Rxf7 {[%emt 0:00:59]} Bxf7 {[%emt 0:00:44]} 52. g6 {[%emt 0:00:20]} Be8 {[%emt 0:00:13]} 53. Rxh5 {[%emt 0:00:12]} Rb7 {[%emt 0:00:18]} 54. Re5 {[%emt 0:01:09]} Re7 {[%emt 0:00:14]} 55. h5 {[%emt 0:00:18]} Kg7 {[%emt 0:00:11]} 56. Kd4 {[%emt 0:00:40]} Kf6 {[%emt 0:00:07]} 57. Re1 {[%emt 0:00:32]} Rc7 {[%emt 0:01:05]} 58. Rf1+ {[%emt 0:01:03]} Kg7 {[%emt 0:00:08]} 59. Ke5 {[%emt 0:00:19]} Kh6 {[%emt 0:01:47]} 60. Rf8 {[%emt 0:00:20]} Bxg6 {[%emt 0:00:36]} 61. hxg6 {[%emt 0:00:18]} Kg7 {[%emt 0:00:05]} 62. Ra8 {[%emt 0:00:24]} Rc6 {[%emt 0:00:06]} 63. Ra7+ {[%emt 0:00:06]} Kg8 {[%emt 0:00:04]} 64. Re7 {[%emt 0:00:17]} Rc3 {[%emt 0:00:08]} 65. Kf6 {[%emt 0:00:33]} Rc8 {[%emt 0:00:13]} 66. Kxe6 {[%emt 0:00:15]} 1-0